Responses for Show #9101 - Monday, May 13, 2024

Will Stewart game 2.

Contestants

[<< previous game]

Joyce Yang, a data analyst from Germantown, Maryland

Michael Richter, an elections officer from Portland, Oregon

Will Stewart, a political organizer originally from Nashville, Tennessee (whose 1-day cash winnings total $25,601)

[next game >>]

Jeopardy! Round responses

THE GOLDEN AGE
CELEBRITIES
SAME 3 LETTERS, 2 DIFFERENT MEANINGS
(Ken: You'll give us that trio of letters.)
HELLO, WALLS
BIG GEO
ALSO A COLLECTIVE NOUN
    $200 30
(Will: What is television?)

radio

Will
Triple Stumper
    $200 28
Snoop Dogg

Michael
    $200 13
TLC

Michael
    $200 15
the Wailing Wall (Western Wall)

Will
    $200 23
(Joyce: What's Antarctica?)
(Ken: Can you be more specific?)

the South Pole

Joyce
    $200 24
a school

Joyce
    $400 22
the G.I. Bill

Joyce
    $400 27
Chrissy Teigen

Joyce
    $400 14
ERA

Michael
    $400 25
a retaining wall

Michael
    $400 7
Quebec

Will
    $400 19
(Ken: [*] of islands, right.)

a chain

Joyce
    $600 29
a million people

Joyce
    $600 21
(Ken: Imagine the red shirts of [*].)

Tiger Woods

Triple Stumper
    $600 10
USC

Will
    $600 5
goalkeeper (goalie in the NHL)

Joyce
    $600 6
Denali

Joyce
    $600 18
(Ken: [*] of ships, yes.)

a fleet

Will
    $800 4
(Ken: Make a selection, Will; make it a good one.)

Flora

Triple Stumper
    $800 20
(Michael: Who is Daisy Ridley?)
...
Ken: [To Michael] You made a Star Wars genealogy mistake, Michael, it's [*] who plays Luke's eventual mother.)

Natalie Portman

Michael
Triple Stumper
    $800 11
MSG

Will
    $800 9
(Michael: What are the... vocal cords?)

tonsils

MichaelJoyce
    $800 1
Hells Canyon

Triple Stumper
    $800 16
(Ken: That would be [*] of drink.)

a round

Triple Stumper
    $1000 3
an inspector

Triple Stumper
    $1000 26
Sweeney Todd

Joyce
    $1000 12
(Ken: Yes, Sydney Morning Herald or shaking my head.)

SMH

Michael
    $1000 17
a barricade

Will
    $1,000 2
(Will: What is... Chile?)

Peru

Will
    $1000 8
(Michael: What are wings?)
...
(Ken: That would be [*]; the collective noun [*] of angels.)

a choir

Michael
Triple Stumper

Scores at the first commercial break (after clue 15):

Will Michael Joyce
$1,000 -$200 $2,000

Scores at the end of the Jeopardy! Round:

Will Michael Joyce
$2,400 -$400 $5,200

Double Jeopardy! Round responses

LITERARY TITLE OCCUPATIONS
____ FROM THE ____
COLONIAL AMERICA
LEXICONGRESS
MEN OF MEDICINE
TV'S FANTASTICAL PLACES
    $400 15
medium

Will
    $400 1
a visit from the stork

Will
    $400 30
(Michael: What's Boston?)
(Ken: No, I'm sorry!)
...
(Ken: You had to guess, but it was [*], I'm afraid, Michael.)

Philadelphia

Michael
Triple Stumper
    $400 27
roll call

Michael
    $400 28
Mayo

Will
    $400 25
The Vampire Diaries

Joyce
    $800 14
the Bard

Michael
    $800 18
a blast from the past

Will
    $800 13
(Michael: Who's Harlem?)
...
(Ken: That's it, Bed-Stuy.)

Stuyvesant

MichaelJoyce
    $800 21
a recess

Will
    $800 29
the brain

Michael
    $800 24
Winterfell

Will
    $1200 16
Narnia

Will
    $1200 17
a bolt from the blue

Michael
    $1200 5
Paine

Will
    $1200 26
(Ken: Correct, with less than a minute to go.)

the whip

Michael
    $1200 23
marrow

Joyce
    $1200 6
(Michael: What is SpongeBob SquarePants?)

Bikini Bottom

WillMichael
    $1600 2
(Ken: She's [*].)

a jailhouse lawyer

Triple Stumper
    $1600 9
shoot from the hip

Will
    $1600 4
Mr. Edward Hyde

Triple Stumper
    $1600 19
the Congressional Budget Office

Joyce
    $1,000 7
(Ken: [*]'s Anatomy, that's correct.)

Gray

Will
    $1600 11
(Will: What is Jupiter?)

Neptune, California

Will
Triple Stumper
    $2000 8
(Will: What is Little Shop of Horrors?)
...
(Ken: That would be an unusual take on that movie, it's [*].)

The Pawnbroker

Will
Triple Stumper
    $2000 10
Phoenix from the ashes

Will
    $2000 3
(Michael: What is Massachusetts?)
(Ken: Can you be more specific?)
(Michael: What is... Plymouth Colony?)

the Massachusetts Bay Colony

WillMichael
    $4,000 22
(Ken: He is the House [*].)

the Parliamentarian

Will
    $2000 20
(Howard) Ricketts

Triple Stumper
    $2000 12
Gallifrey

Will

Scores at the end of the Double Jeopardy! Round:

Will Michael Joyce
$18,600 -$400 $9,200
(lock game)

[wagering suggestions for these scores]

Final Jeopardy! Round responses

CINEMA HISTORY
(Ken: [To Joyce] So many movies were made at studios in Rome they called it "Hollywood on [*]".)
JoyceWhat is the Tiber?
$800
WillWhat is the Tiber?
$100
the Tiber

Final scores:

Will Michael Joyce
$18,700 -$400 $10,000
2-day champion: $44,301 3rd place: $2,000 2nd place: $3,000

Game dynamics:

Coryat scores:

Will Michael Joyce
$18,200 -$400 $9,200
21 R
(including 2 DDs),
4 W
(including 1 DD)
10 R,
7 W
14 R,
0 W

Combined Coryat: $27,000

[game clues] [game scores] [suggest correction]

Game tape date: 2024-04-03
The J! Archive is created by fans, for fans. Scraping, republication, monetization, and malicious use prohibited; this site may use cookies and collect identifying information. See terms. The Jeopardy! game show and all elements thereof, including but not limited to copyright and trademark thereto, are the property of Jeopardy Productions, Inc. and are protected under law. This website is not affiliated with, sponsored by, or operated by Jeopardy Productions, Inc. Join the discussion at JBoard.tv.